02685nam a2200301Ia 4500001000900000003000500009005001700014007000300031008004100034040001800075245020100093260003200294300008800326336002700414337002800441338002800469500004900497502009300546504003400639505137600673650004902049650005002098650003502148650003402183700004002217700004902257856007702306dia_5251CHAP20240411185823.0ta220117s2013 mx abdofr 001 0 spa d cCHAPamxchpua10aViaje de estudios a las regiones Sierra Amula del estado de Jalisco y norte y sur del estado de Colima /ccoordinadora Tayde Morales Santos ; colaboradores Sheila Ivonne Baños Serrano...[et al.] aMéxico :bEl autor,c2013 a199 hojas :bilustraciones, mapas, gráficas, diagramas, tablas, fotos +e1 CD-ROM 2rdacontentatextobtxt 2rdamediaano mediadobn 2rdacarrieravolumenbnc a5° año Grupo 2 -- El CD contiene reporte. aViaje de estudios b(IAI) -- cUACh. Departamento de Ingeniería Agroindustrial, d2013 aBibliografía: hojas 192-194 aVisitas Jalisco: t1. Ingenio Melchor Ocampo, S. A. de C. V., Zucarmex -- 2. Coperativa Mujeres de Autlán, Chiquihuitecas, S. C. -- 3. Productos alimenticios HORFI, S. A. de C. V. -- 4. Desert Glory México, S. de R. L. de C. V. -- 5. Fábrica de mezcal El Roble -- 6. Sociedad Cooperativa Cacahuatlense, S. C. de R. L. -- 7. Cooperativa Mujeres Ambientalistas de Jiquilpan, San Gabriel, S. C. de R. L. -- 8. Purificadora de agua desionizada y desmineralizada Rancho Alegre -- 9. Conservas El Aguacate, S. C. de R. L. -- 10. Ganaderos Unidos Sierra-Costa de Jalisco, S. C. de R. L. de C. V. -- 11. Servicios Integrales de Educación Cooperativa, S. C. de R. L. -- 12. Planta Industrial Grupo Corona, S. A. de C. V. -- 13. Centro Regional Universitario de Occidente (CRUOC) de la UACh -- 14. Tequilera La Rojeña de José Cuervo, S. A. de C. V. -- VISITAS COLIMA -- 15. Empresa Rancho Los Horcones -- 16. Empresa Campo Elite, S. P. R. de R. L. y C. V.-- 17. Asociación de Cañeros de la CNPR -- 18. Instituto Nacional de Investigaciones Forestales, Agrícolas y Pecuarias (INIFAP) Campo experimental Tecomán -- 19. Empresa SICAR, S. A. de C. V. -- 20. Empresa Citrojugo, S. A. de C. V. -- 21. Empresa Colima Fruits, S. A. de C. V. -- 22. Centro de Extracción y Envasado de Miel de la Zona Costera -- 23. Granja Acuícola de Occidente13aIndustria de los alimentoszMéxicozColima13aIndustria de los alimentoszMéxicozJalisco13aFood industryzMexicozJalisco13aFood industryzMexicozColima1 aMorales Santos, Taydeecoordinadora1 aBaños Serrano, Sheila Ivonneecolaboradora42uhttp://10.13.5.2/ve/TC602IAI/TC602IAI2013-REPORTE.pdfyDESCARGAR REPORTE